| 000 | 00961cam a2200157ua 4500 | ||
|---|---|---|---|
| 041 |
_aeng _h |
||
| 082 |
_a338.954 _bPUB/FA |
||
| 110 | 1 |
_aPublications Division . _b _c(Ministry of Infor. & Broadcasting, Govt of India ) |
|
| 245 |
_aFace of new India / _cPublications Division, Ministry of Information and Broadcasting, Government of India. _hTextual Documents |
||
| 250 |
_a1 / _b. |
||
| 260 |
_aIndia : _bMinistry of I&B, Govt. of India , _c1960. |
||
| 300 | _a98 ; . | ||
| 504 | _a | ||
| 942 | _cBK | ||
| 999 |
_c134 _d134 |
||